1300 1695 1228 1637 1142 1050 1094 1171 1780 1865 1230 1332 1302 1693 1527 1561 1667 1888 1009 1290 1640 1066 1076 1843 1505 1660 1570 1581 1083 1084 1863 1437 1902 1425 1850 1062 1056 1223 1366 1989 1774 1607 1641 1216 1462 1334 1946 1854 1096 1758 1995 1435 1950 1184 1725 1186 1822 1842 1982 1187 1359 1767 1293 1151 1899 1336 1729 1946 1430 1994 1302 1652 1974 1587 1553 1397 1296 1215 1784 1980 1275 1576 1088 1683 1651 1672 1856 1077 1818 1784 1438 1282 1346 1323 1864 1813 1620 1143 1910 BCNSPRNW ULIB Ver.6.0+V

เปลี่ยนเป็นภาษาไทย

Change to English
 แสดงรายละเอียดบรรณานุกรม
  กลับหน้าหลัก

Brief Record : Get Marc (ISO 2709) : E-mail record : QR code < ปิดหน้าต่าง
LEADER : 00000nam 2200000uu 4500
001    13399126369
003     ULIB
008    180911s2559||||th 000 0 tha d
024 0  ^a9786161132200
041    ^atha
060  0 ^aWY200^bส863ก
100 0  ^aสุริยา ฟองเกิด
245 00 ^aการพยาบาลครอบครัว =^bFamily nursing/^cสุริยา ฟองเกิด และ^cศุภรา หิมานันโต
250    ^aพิมพ์ครั้งที่ 1
260    ^aชลบุรี :^bวิทยาลัยพยาบาลบรมราชชนนี ชลบุรี,^c2559
300    ^a203 หน้า
650  0 ^aการพยาบาล
650  0 ^aครอบครัว
700 0  ^aศุภรา หิมานันโต
856    ^a^zการพยาบาลครอบครัว = Family nursing (สารบัญหนังสือ)^uhttp://110.164.66.211/ULIB6//_fulltext/bookcontent/13399114419/51580.pdf
945    ^p220^l0^i26606
945    ^p220^l0^i26605
945    ^p220^l0^i26692
999    ^aกัณชพร จุลอักษร
รายการนี้ยังไม่มีแท็ก
คุณยังไม่ได้ล็อกอิน คุณสามารถมีกิจกรรมร่วมกับเว็บไซต์ได้ แต่ต้องล็อกอินก่อน ::
  ล็อกอิน

รายการสื่อสารสนเทศ

ลำดับที่ ประเภท เลขเรียก/บาร์โค้ด สถานที่ สถานะ
1. วิทยาศาสตร์การแพทย์ และสุขภาพ
วิทยาศาสตร์การแพทย์ และสุขภาพ
WY200 ส863ก ฉ.1 
  Barcode: 26605
ห้องสมุดวิทยาเขตนครสวรรค์
►หนังสือทั่วไป:l:General Books
บนชั้น
2. วิทยาศาสตร์การแพทย์ และสุขภาพ
วิทยาศาสตร์การแพทย์ และสุขภาพ
WY200 ส863ก ฉ.2 
  Barcode: 26606
ห้องสมุดวิทยาเขตนครสวรรค์
►หนังสือทั่วไป:l:General Books
บนชั้น
3. วิทยาศาสตร์การแพทย์ และสุขภาพ
วิทยาศาสตร์การแพทย์ และสุขภาพ
WY200 ส863ก ฉ.3 
  Barcode: 26692
ห้องสมุดวิทยาเขตนครสวรรค์
►หนังสือทั่วไป:l:General Books
บนชั้น

รายการใกล้เคียง
    ผู้แต่ง [สุริยา ฟองเกิด]

    หัวเรื่อง [การพยาบาล]
    หัวเรื่อง [ครอบครัว]

BibComment


ยังไม่เคยถูกคอมเมนท์

คอมเมนท์ทรัพยากรรายการนี้
  คอมเมนท์: การพยาบาลครอบครั..


 Copyright 2026. Bcnsprnw @Library